书目信息 |
| 题名: |
孙犁全集
|
|
| 作者: | 孙犁 著 | |
| 分册: | 第1卷 | |
| 出版信息: | 北京 人民文学出版社 2004.07 |
|
| 页数: | 357页, [2] 叶图版 | |
| 开本: | 21cm | |
| 丛书名: | ||
| 单 册: | ||
| 中图分类: | I217.02 | |
| 科图分类: | ||
| 主题词: | 文学--wen xue--选集--作品--中国--现代 | |
| 电子资源: | ||
| ISBN: | 7-02-004644-4 | |
| 000 | 00973nam0 2200289 450 | |
| 001 | 012007905575 | |
| 005 | 20070518154903.53 | |
| 010 | @a7-02-004644-4@dCNY22.00 | |
| 100 | @a20070316d2004 km y0chiy0120 ea | |
| 101 | 0 | @achi |
| 102 | @aCN@b110000 | |
| 105 | @aacfhz 000zy | |
| 200 | 1 | @a孙犁全集@Asun li quan ji@h第1卷@f孙犁著@Fsun li zhu |
| 210 | @a北京@c人民文学出版社@d2004.07 | |
| 215 | @a357页, [2] 叶图版@c肖像, 摹真@d21cm | |
| 327 | @a少年鲁迅读本 荷花淀 芦花荡 嘱咐 采蒲台 | |
| 330 | @a本书收录作家1946至1954年的作品有:《少年鲁迅读本》、《荷花淀》、《芦花荡》、《嘱咐》,及《采蒲台》。 | |
| 517 | 1 | @a芦花荡@Alu hua dang |
| 517 | 1 | @a少年鲁迅读本@Ashao nian lu xun du ben |
| 517 | 1 | @a荷花淀@Ahe hua dian |
| 517 | 1 | @a嘱咐@Azhu fu |
| 517 | 1 | @a采蒲台@Acai pu tai |
| 606 | 0 | @a文学@Awen xue@x选集@x作品@y中国@z现代 |
| 690 | @aI217.02@v4 | |
| 701 | 0 | @a孙犁@Asun li@f1913~2002.7@4著 |
| 801 | 0 | @aCN@c20070518 |
| 905 | @a10447@dI217.02@eS933 | |
| 孙犁全集.第1卷/孙犁著.-北京:人民文学出版社,2004.07 |
| 357页, [2] 叶图版:肖像, 摹真;21cm |
| 部分内容:少年鲁迅读本 荷花淀 芦花荡 嘱咐 采蒲台 |
| ISBN 7-02-004644-4:CNY22.00 |
| 本书收录作家1946至1954年的作品有:《少年鲁迅读本》、《荷花淀》、《芦花荡》、《嘱咐》,及《采蒲台》。 |
| ● |
| 相关链接 |
|
|
|
正题名:孙犁全集
索取号:I217.02/S933
 
预约/预借
| 序号 | 登录号 | 条形码 | 馆藏地/架位号 | 状态 | 备注 |
| 1 | 237904 | 202379041 | 文学库108/108文学库 14排3列1层/ [索取号:I217.02/S933] | 在馆 | |
| 2 | 237905 | 202379050 | 文学库108/108文学库 14排3列1层/ [索取号:I217.02/S933] | 在馆 | |
| 3 | 237906 | 202379069 | 文学库108/108文学库 14排3列1层/ [索取号:I217.02/S933] | 在馆 |